Statistics for Russian region capitals

Click here to take the quiz!

General Stats

  • This quiz has been taken 77 times
  • The average score is 50 of 81

Answer Stats

HintAnswer% Correct
Federal City of MoscowMoscow
100%
Federal City of Saint PetersburgSaint Petersburg
98%
Kirov OblasKirov
94%
Nizhny Novgorod OblastNizhny Novgorod
94%
Omsk OblastOmsk
94%
Pskov OblastPskov
94%
Tver OblastTver
94%
Volgograd OblastVolgograd
94%
Voronezh OblastVoronezh
92%
Bryansk OblastBryansk
90%
Chelyabinsk OblastChelyabinsk
90%
Ivanovo OblastIvanovo
90%
Kaliningrad OblastKaliningrad
90%
Kursk OblastKursk
90%
Murmansk OblastMurmansk
90%
Novosibirsk OblastNovosibirsk
90%
Orenburg OblastOrenburg
90%
Penza OblastPenza
90%
Perm KraiPerm
90%
Ryazan OblastRyazan
90%
Samara OblastSamara
90%
Saratov OblastSaratov
90%
Ulyanovsk OblastUlyanovsk
90%
Astrakhan OblastAstrakhan
88%
Belgorod OblastBelgorod
88%
Irkutsk OblastIrkutsk
88%
Lipetsk OblastLipetsk
88%
Oryol OblastOryol
88%
Smolensk OblastSmolensk
88%
Tomsk OblastTomsk
88%
Vladimir OblastVladimir
88%
Arkhangelsk OblastArkhangelsk
86%
Kaluga OblastKaluga
86%
Kemerovo OblastKemerovo
86%
Kostroma OblastKostroma
86%
Krasnodar KraiKrasnodar
86%
Magadan OblastMagadan
86%
Tambov OblastTambov
86%
Tula OblastTula
86%
Tyumen OblastTyumen
86%
Vologda OblastVologda
86%
Yaroslavl OblastYaroslavl
86%
Krasnoyarsk KraiKrasnoyarsk
84%
Kurgan OblastKurgan
84%
Rostov OblastRostov-on-Don
80%
Khabarovsk KraiKhabarovsk
78%
Stavropol KraiStavropol
78%
Chechen RepublicGrozny
63%
Sakha Republic (Yakutia)Yakutsk
63%
Novgorod OblastVeliky Novgorod
61%
Republic of TatarstanKazan
59%
Sverdlovsk OblastYekaterinburg
55%
Primorsky KraiVladivostok
49%
Republic of BashkortostanUfa
47%
Republic of BuryatiaUlan-Ude
47%
Republic of DagestanMakhachkala
43%
Kamchatka KraiPetropavlovsk-Kamchatsky
41%
Sakhalin OblastYuzhno-Sakhalinsk
41%
Republic of KareliaPetrozavodsk
24%
Jewish Autonomous OblastBirobidzhan
22%
Zabaikalsky KraiChita
20%
Khanty-Mansi Autonomous Okrug (Yugra)Khanty-Mansiysk
20%
Republic of AdygeaMaykop
20%
Chukotka Autonomous OkrugAnadyr
18%
Republic of KalmykiaElista
18%
Udmurt RepublicIzhevsk
18%
Republic of North Ossetia-AlaniaVladikavkaz
18%
Altai KraiBarnaul
16%
Tyva Republic (Tuva)Kyzyl
16%
Mari El RepublicYoshkar-Ola
16%
Amur OblastBlagoveshchensk
12%
Karachay-Cherkess RepublicCherkessk
12%
Republic of MordoviaSaransk
12%
Komi RepublicSyktyvkar
12%
Chuvash RepublicCheboksary
8%
Altai RepublicGorno-Altaysk
8%
Kabardino-Balkar RepublicNalchik
8%
Republic of KhakassiaAbakan
6%
Republic of IngushetiaMagas
4%
Nenets Autonomous OkrugNaryan-Mar
4%
Yamalo-Nenets Autonomous OkrugSalekhard
4%

Score Distribution

Percentile by Number Answered

Percent of People with Each Score

Your Score History

You have not taken this quiz